Information systems approach to admissions, instruction and retention of college students with developmental lag (Record no. 70442)
[ view plain ]
| 000 -CABECERA | |
|---|---|
| campo de control de longitud fija | 00691nam a2200217 a 4500 |
| 005 - FECHA Y HORA DE LA ÚLTIMA TRANSACCIÓN | |
| campo de control | 20210219153200.0 |
| 008 - ELEMENTOS DE LONGITUD FIJA--INFORMACIÓN GENERAL | |
| campo de control de longitud fija | 991125n 000 0 u |
| 035 ## - NÚMERO DE CONTROL DEL SISTEMA | |
| Número de control de sistema | UPN01000082660 |
| 100 ## - ASIENTO PRINCIPAL--NOMBRE PERSONAL | |
| Nombre de persona | WHITE, William F. |
| 222 ## - TÍTULO CLAVE | |
| Título clave | JOURNAL OF RESEARCH AND DEVELOPMENT IN EDUCATION |
| 245 ## - MENCIÓN DE TÍTULO | |
| Título | Information systems approach to admissions, instruction and retention of college students with developmental lag |
| 300 ## - DESCRIPCIÓN FÍSICA | |
| Extensión | 16-26 |
| 362 ## - FECHAS DE PUBLICACIÓN Y/O DESIGNACIÓN SECUENCIAL | |
| Fecha de publicación y/o designación secuencial | 1982 Vol. 15, no. 2 invierno |
| 653 0# - TERMINO DE INDIZACION - NO CONTROLADO | |
| Término no controlado | EDUCACION SUPERIOR |
| 653 0# - TERMINO DE INDIZACION - NO CONTROLADO | |
| Término no controlado | ESTADOS UNIDOS DE AMERICA |
| 653 0# - TERMINO DE INDIZACION - NO CONTROLADO | |
| Término no controlado | ESTUDIANTES |
| 653 0# - TERMINO DE INDIZACION - NO CONTROLADO | |
| Término no controlado | UNIVERSIDADES |
| 700 ## - ASIENTO SECUNDARIO--NOMBRE DE PERSONAL | |
| Nombre de persona | BIGHAM, Wanda D., coaut. |
| 904 ## - ELEMENTOS DE DATOS D LOCAL, LDD (RLIN) | |
| a | AC |
| b | 020471 |
| 905 ## - TIPO DE MATERIAL | |
| Tipo de material | Articulo |
No items available.
